=LDR 00000nam 2200000 4500 =001 INLIS000000000013025 =005 20200309084622 =035 ##$$a 0010-061300000013025 =008 200309################g##########0#ind## =041 ##$$a Ind =082 ##$$a 107 =090 ##$$a 150.7, Als p =100 1#$$a Alsa , Asmadi =245 1#$$a Pedekatan kuantitatif dan kualitatif serta kombinasinya dalam penelitian psikologi : $b Satu uraian singkat dan contoh berbagai tipe penelitian /$c Asmadi Alsa =260 ##$$a Yogyakarta :$b Pustaka Pelajar,$c 2003 =300 ##$$a 181 hlm, ; $c 14 x 21 cm =650 #4$$a Psikologi - Penelitian =850 ##$$a NBPNMAT =020 ##$$a 979-3477-12-1 =084 ##$$a 107 ALS p =250 ##$$a Cet.1 =990 ##$$a 51100030